| 000 | 00778nam a22002297a 4500 | ||
|---|---|---|---|
| 999 |
_c1708 _d1708 |
||
| 003 | AR-CdUCM | ||
| 008 | 190227b ||||| |||| 00| 0 spa d | ||
| 040 |
_aMUNICIPALIDAD PROVINCIAL DEL CUSCO _cBIBLIOTECA MUNICIPAL DEL CUSCO |
||
| 082 |
_a869.96 / _bM26 |
||
| 100 |
_aMartí, José _93892 |
||
| 245 | _aLa edad de oro / | ||
| 260 |
_aLa Habana : _b Gente Nueva, _c1985. |
||
| 300 |
_a235 páginas ; _c18 cm. |
||
| 505 | _aA los niños que lean "La edad de oro" - Tres héroes - Dos milagros - Meñique - Cada uno a su oficio - La Ilíada de Homero... | ||
| 650 |
_aJosé Martí. _96318 |
||
| 650 |
_aHéroes. _91336 |
||
| 650 |
_aLiteratura sudamericana. _96319 |
||
| 650 |
_aNovela. _95 |
||
| 650 |
_aHistoria. _9136 |
||
| 942 |
_2ddc _cLIBROS |
||
| 945 |
_admma _d2019-02-27 |
||